The price of a constitution : The origin of Japan's poswar politics

An account of the origin of Japan's post-war regime and the way in which the United States was involved in its founding and the imposition of the "no war" constitution. The book argues that Japan's economic miracle has been one of revulsion against deprivation of political status...

Volledige beschrijving

Bewaard in:
Bibliografische gegevens
Hoofdauteur: Kataoka, Tetsuya
Formaat: Boek
Taal:Undetermined
Gepubliceerd in: New York Crane Russak 1991
Onderwerpen:
Tags: Voeg label toe
Geen labels, Wees de eerste die dit record labelt!
Thư viện lưu trữ: Trung tâm Học liệu Trường Đại học Cần Thơ
LEADER 01147nam a2200241Ia 4500
001 CTU_107767
008 210402s9999 xx 000 0 und d
020 |c 497500 
082 |a 952.04 
082 |b K11 
100 |a Kataoka, Tetsuya 
245 4 |a The price of a constitution : 
245 4 |b The origin of Japan's poswar politics 
245 0 |c Tetsuya Kataoka 
260 |a New York 
260 |b Crane Russak 
260 |c 1991 
520 |a An account of the origin of Japan's post-war regime and the way in which the United States was involved in its founding and the imposition of the "no war" constitution. The book argues that Japan's economic miracle has been one of revulsion against deprivation of political status symbolized by the constitution. The author also addresses United States foreign policy and Japan's trade problems with the US. The book is intended for the use of political analysts, economists and scientists. 
650 |a Politics and government,Foreign relations 
650 |y 1945-,1945-1989 
650 |z Japan,Japan 
904 |i Quang Hiếu 
980 |a Trung tâm Học liệu Trường Đại học Cần Thơ